Online Catalogue and eLibrary

Mass rape : (Record no. 1259)

MARC details
000 -LEADER
fixed length control field 00258nam a2200097Ia 4500
008 - FIXED-LENGTH DATA ELEMENTS--GENERAL INFORMATION
fixed length control field 240331s9999 xx 000 0 und d
082 ## - DDC Classification
Class No. 303.6
Item Number - Author Mark MAS
100 ## - MAIN ENTRY--PERSONAL NAME
Personal name Stiglmayer, A. ed
245 #0 - TITLE STATEMENT
Title Mass rape :
Remainder of title the war against women in Bosnia-Herzegovina
942 ## - Koha item type (Biblio)
Koha item type Books in Stacks (Lending)
Holdings
Lost status Damaged status Collection code Home library Current library Shelving location Date acquired Full call number Accession Number Item type
    Lending WERC Library WERC Library Social Science Cupboard 03/31/2024 303.6 MAS 4018 Books in Stacks (Lending)

© WERC Library